[Event "Druzynowe Mistrzostwa Polski II Liga"]
[Site "Szklarska Poreba"]
[Date "1899-12-30"]
[Round "7.91"]
[White "Grochowalski, Pawel"]
[Black "Steczek, Marcin"]
[Result "0-1"]
[WhiteTitle "k+"]
[BlackTitle "FM"]
[WhiteElo "2134"]
[BlackElo "2390"]

1. d4 Nf6 2. c4 c5 3. d5 b5 4. cxb5 a6 5. b6 g6 6. Nc3 d6 7. e4 Nbd7 8. Nf3 Bg7
9. Be2 O-O 10. O-O Rb8 11. Qc2 Qxb6 12. Rb1 Ng4 13. b3 Qa7 14. Bb2 Nb6 15. h3
Nf6 16. Rfd1 Qc7 17. Nd2 Nfd7 18. Nc4 Nxc4 19. Bxc4 Nb6 20. Ne2 Bxb2 21. Rxb2
Nxc4 22. bxc4 f5 23. Rxb8 Qxb8 24. Rb1 Qc7 25. f3 fxe4 26. fxe4 e5 27. Qd2 Qf7
28. Qe3 Qf6 29. Kh2 Kg7 30. Kg1 Rf7 31. Kh2 h5 32. Kg1 h4 33. Rb3 g5 34. Rb1 Kg6
35. Nc3 g4 36. hxg4 Bxg4 37. Re1 Kh5 38. Nb1 Qg5 39. Nd2 Rb7 40. Qc3 Qf4 41. Nf1
Rg7 42. Re3 Qg5 43. Qd2 Rb7 44. Qc2 Rf7 45. Qd2 Rf4 46. Qe1 Bd7 47. Qe2+ Kh6 48.
Kh1 Bg4 49. Qe1 Rxf1+ 50. Qxf1 Qxe3 51. Qf6+ Kh5 52. Qxd6 Qe1+ 0-1

[Event "Druzynowe Mistrzostwa Polski II Liga"]
[Site "Szklarska Poreba"]
[Date "1899-12-30"]
[Round "7.92"]
[White "Smagalski, Slawomir"]
[Black "Baumann, Dariusz"]
[Result "1/2-1/2"]
[WhiteTitle "I+"]
[BlackTitle "k"]
[WhiteElo "1908"]
[BlackElo "2067"]

1. Nf3 d5 2. c4 c6 3. b3 Nf6 4. g3 Bf5 5. Bg2 h6 6. Bb2 e6 7. d3 Nbd7 8. Nbd2 Bh7
9. a3 a5 10. O-O Be7 11. Qc2 O-O 12. Rfe1 Re8 13. Ne5 Nxe5 14. Bxe5 Nd7 15. Bc3
b5 16. cxb5 cxb5 17. b4 a4 18. Rac1 Bd6 19. Qb2 f6 20. Bd4 Kh8 21. Bc5 Ne5 22.
Rc2 Qd7 23. Rd1 Rad8 24. Nf3 Nxf3+ 25. Bxf3 Be5 26. Bd4 Bb8 27. Bh5 Rf8 28. Bg4
Qb7 29. Rdc1 Bg6 30. Rc5 Bd6 31. R5c2 Rfe8 32. Bh3 Kh7 33. Be3 Bb8 34. Rc5 Bd6
35. R5c2 Bb8 36. Rc5 Bd6 37. R5c2 Bf7 38. Rc3 Be5 39. d4 Bd6 40. Qd2 Bg6 41. f3
Re7 42. Rc6 Be8 43. R6c3 Bg6 44. Rc6 Kg8 45. Qd1 Kf7 46. Qd2 Bb8 1/2-1/2

[Event "Druzynowe Mistrzostwa Polski II Liga"]
[Site "Szklarska Poreba"]
[Date "1899-12-30"]
[Round "7.93"]
[White "Kulinski, Krzysztof"]
[Black "Zakoscielna, Kinga"]
[Result "0-1"]
[WhiteTitle "k"]
[BlackTitle "WFM"]
[WhiteElo "2078"]
[BlackElo "2070"]

1. e4 c5 2. d3 Nc6 3. Nf3 g6 4. g3 Bg7 5. Bg2 d6 6. O-O Nf6 7. Nbd2 O-O 8. c3 e5
9. a3 a5 10. a4 Nh5 11. Qb3 Qc7 12. Nc4 Ra6 13. Ne3 Ne7 14. Nd2 Be6 15. Ndc4 Kh8
16. f4 exf4 17. gxf4 Bh6 18. f5 Bxe3+ 19. Bxe3 gxf5 20. Qd1 Ng7 21. Bf4 Ng6 22.
Bh6 fxe4 23. Bxe4 Qe7 24. Qf3 Nh4 25. Qg3 Ng6 26. Bxg6 hxg6 27. Rae1 Kg8 28. Bg5
Qd7 29. Qh4 Nh5 30. Rf6 Re8 31. Nd2 Bd5 32. Rff1 Raa8 33. c4 Bc6 34. Be7 f5 35.
Nf3 Kg7 36. Qg5 Bxf3 37. Rxf3 f4 38. Rff1 Rh8 39. Re2 Rae8 40. Rfe1 Qf5 41. Qxf5
gxf5 42. Bxd6 Rd8 43. Re7+ Kg6 44. R1e6+ Kg5 45. Kf2 Kg4 46. Rg6+ Kh3 47. Kf3
b6 48. Rf7 Rde8 49. Be7 Kxh2 50. Rg2+ Kh3 51. Rg1 Kh2 52. Re1 Rhg8 53. Rh7 Rg3+
54. Ke2 Rh3 55. Kd2 Ng3 56. Rg7 f3 57. Ke3 Kg2 58. Kf4 f2 59. Re2 Rxe7 60. Rxf2+
Kxf2 61. Rxe7 Rh6 62. Rd7 Re6 63. b3 Rh6 64. Rd5 Ne2+ 65. Kg5 Rc6 0-1

[Event "Druzynowe Mistrzostwa Polski II Liga"]
[Site "Szklarska Poreba"]
[Date "1899-12-30"]
[Round "7.94"]
[White "Walaszczyk, Witold"]
[Black "Cichocki, Konrad"]
[Result "1-0"]
[WhiteTitle "k"]
[BlackTitle "I+"]
[WhiteElo "2136"]
[BlackElo "1864"]

1. d4 Nf6 2. Nf3 e6 3. g3 d5 4. Bg2 c5 5. c4 Nc6 6. cxd5 exd5 7. O-O Be7 8. Nc3
O-O 9. Bg5 cxd4 10. Nxd4 h6 11. Be3 Be6 12. Qa4 Ng4 13. Nxe6 1-0

[Event "Druzynowe Mistrzostwa Polski II Liga"]
[Site "Szklarska Poreba"]
[Date "1899-12-30"]
[Round "7.95"]
[White "Augustowski, Janusz"]
[Black "Swiatnicki, Andrzej"]
[Result "1/2-1/2"]
[WhiteTitle "I"]
[BlackTitle "k"]
[WhiteElo "1804"]
[BlackElo "2028"]

1. d4 d5 2. c4 c6 3. cxd5 cxd5 4. Nf3 Nc6 5. Nc3 Nf6 6. Bf4 Bg4 7. Ne5 Bd7 8. h3
e6 9. Nxd7 Qxd7 10. e3 Bd6 11. Bxd6 Qxd6 12. Bb5 O-O 13. Bxc6 bxc6 14. O-O Rab8
15. b3 Rfe8 16. Na4 Ne4 17. Rc1 e5 18. Nc5 Nxc5 19. Rxc5 Re6 20. Qd2 Rg6 21. Rfc1
Qd7 22. Kh2 e4 23. Qe2 Rb6 24. Qh5 f5 25. Qh4 h6 26. Qh5 Qf7 27. g3 Qe6 28. Ra5
Rg5 29. Qe2 Qd7 30. Rac5 Rg6 31. Qc2 Rf6 32. a3 Qb7 33. b4 Kh7 34. Kg2 h5 35.
h4 Ra6 36. Qb2 Rb6 37. Qc3 a6 1/2-1/2

[Event "Druzynowe Mistrzostwa Polski II Liga"]
[Site "Szklarska Poreba"]
[Date "1899-12-30"]
[Round "7.96"]
[White "Bukowska, Katarzyna"]
[Black "Cichocka, Katarzyna"]
[Result "1-0"]
[WhiteTitle "k++"]
[BlackTitle "I++"]
[WhiteElo "1912"]
[BlackElo "1608"]

1. e4 c5 2. Nf3 d6 3. d4 cxd4 4. Nxd4 Nf6 5. Nc3 e6 6. Be2 Be7 7. O-O O-O 8. Kh1
a6 9. f4 Nbd7 10. Qe1 Qc7 11. Qg3 b5 12. Bf3 Rb8 13. e5 Nd5 14. Nxd5 exd5 15.
Nf5 1-0

[Event "Druzynowe Mistrzostwa Polski II Liga"]
[Site "Szklarska Poreba"]
[Date "1899-12-30"]
[Round "7.97"]
[White "Stachanczyk, Jacek"]
[Black "Maciejewski, Waldemar"]
[Result "1/2-1/2"]
[WhiteTitle "IM"]
[BlackTitle "k"]
[WhiteElo "2218"]
[BlackElo "2107"]

1. e4 c5 2. Nf3 Nc6 3. Nc3 g6 4. d4 cxd4 5. Nxd4 Bg7 6. Be3 Nf6 7. Bc4 O-O 8. Bb3
d6 9. f3 Bd7 10. Qd2 Qa5 11. O-O-O Rfc8 12. Kb1 Ne5 13. Bg5 Nc4 14. Bxc4 Rxc4
15. Nb3 Qe5 16. Bf4 Qe6 17. Rhe1 Nh5 18. Nd5 Nxf4 19. Nxf4 Qf6 20. c3 Be8 21.
Nd5 Qe6 22. Nd4 Qd7 23. f4 Rac8 24. Nc2 e6 25. Ndb4 a5 26. Nd3 Qc6 27. e5 d5 28.
Nd4 Qa6 29. Nf2 b5 30. Ng4 b4 31. cxb4 axb4 32. Qe2 Qb6 33. Qe3 Ba4 34. Rc1 Rxc1+
35. Rxc1 Rxc1+ 36. Kxc1 Qc5+ 37. Kd2 Qa5 38. Ke2 Bd7 39. a3 bxa3 40. Qxa3 Bb5+
41. Nxb5 Qxb5+ 42. Kf2 Bf8 43. Qc3 Bc5+ 44. Kg3 Kg7 45. Nf2 Bxf2+ 46. Kxf2 Qb6+
47. Kf3 d4 48. Qc2 Qb7+ 49. Kf2 Qb5 50. Qd2 Qc4 51. b3 Qxb3 52. Qxd4 1/2-1/2

[Event "Druzynowe Mistrzostwa Polski II Liga"]
[Site "Szklarska Poreba"]
[Date "1899-12-30"]
[Round "7.98"]
[White "Koszkul, Wojciech"]
[Black "Kolosowski, Pawel"]
[Result "0-1"]
[WhiteTitle "I++"]
[BlackTitle "m"]
[WhiteElo "2058"]
[BlackElo "2224"]

1. d4 d5 2. c4 e6 3. Nf3 c6 4. e3 f5 5. Nc3 Nf6 6. Be2 Bd6 7. O-O O-O 8. c5 Bc7
9. b4 Qe7 10. Bb2 Nbd7 11. b5 e5 12. Qa4 e4 13. bxc6 Nb8 14. cxb7 Bxb7 15. Nd2
Bc6 16. Qa3 Nbd7 17. g3 a6 18. Bd1 Qe6 19. Ba4 Bxa4 20. Qxa4 f4 21. exf4 Bxf4
22. Qd1 Qh3 23. f3 Bxg3 24. hxg3 Qxg3+ 25. Kh1 Qh3+ 26. Kg1 Qg3+ 27. Kh1 Nh5 28.
Qe2 Rf4 29. Qg2 Rh4+ 30. Kg1 Qb8 31. Nb3 Nf4 32. Qg3 Rh3 33. Qg4 Nf6 34. Qf5 Rg3+
35. Kf2 Rxf3+ 0-1

[Event "Druzynowe Mistrzostwa Polski II Liga"]
[Site "Szklarska Poreba"]
[Date "1899-12-30"]
[Round "7.99"]
[White "Garbowski, Jakub"]
[Black "Lipien, Wieslaw"]
[Result "0-1"]
[WhiteTitle "k"]
[BlackTitle "I++"]
[WhiteElo "2156"]
[BlackElo "2030"]

1. e4 c5 2. Nf3 d6 3. d4 cxd4 4. Nxd4 Nf6 5. Nc3 a6 6. Bg5 e6 7. f4 Nbd7 8. Qf3
Qc7 9. O-O-O Be7 10. g4 b5 11. Bxf6 gxf6 12. Qe2 Bb7 13. Bg2 Nb6 14. Qf2 b4 15.
Nce2 Rc8 16. Ng3 Rg8 17. Nh5 Qc5 18. Qe2 Qc4 19. Qxc4 Nxc4 20. Rd3 Rxg4 21. Bf3
Rg8 22. Re1 Rc5 23. Nb3 Rc7 24. Nd2 Nxd2 25. Kxd2 a5 26. Rd4 f5 27. Kd3 fxe4+
28. Bxe4 Bxe4+ 29. Rdxe4 Rg2 30. R4e2 Rxe2 31. Rxe2 Rc5 32. f5 Kd7 33. fxe6+ fxe6
34. Ng7 e5 35. Rf2 Rc8 36. Nf5 d5 37. Nxe7 Kxe7 38. Rf5 Ke6 39. Rh5 e4+ 40. Kd2
Rc7 41. c3 bxc3+ 42. bxc3 Kd6 43. Rh6+ Kc5 44. Ra6 Kb5 45. Rd6 Kc4 46. a4 Rc5
47. Kc2 Rc7 48. Re6 Kc5 49. Ra6 Rg7 50. Rxa5+ Kc4 51. Kd2 Rg2+ 52. Ke3 Rxh2 53.
Ra7 Rh3+ 54. Kd2 Rd3+ 55. Ke2 Kxc3 56. a5 Kd4 57. Rxh7 Ra3 58. Rd7 Rxa5 0-1

[Event "Druzynowe Mistrzostwa Polski II Liga"]
[Site "Szklarska Poreba"]
[Date "1899-12-30"]
[Round "7.100"]
[White "Kmiecik, Wojciech"]
[Black "Siedlinski, Piotr"]
[Result "1/2-1/2"]
[WhiteTitle "I+"]
[BlackTitle "k"]
[WhiteElo "1984"]
[BlackElo "2132"]

1. e4 c5 2. Nf3 e6 3. d4 cxd4 4. Nxd4 Nc6 5. Nc3 Qc7 6. Be2 a6 7. O-O Nf6 8. Be3
Bb4 9. Nxc6 bxc6 10. Na4 Be7 11. Nb6 Rb8 12. Nxc8 Qxc8 13. e5 Nd5 14. Bc1 c5 15.
c4 Nb4 16. Bf3 Qc7 17. Qe2 Nc6 18. Bxc6 Qxc6 19. Qg4 g6 20. Bh6 f6 21. exf6 Bxf6
22. Qf4 Ke7 23. Bg5 Bxg5 24. Qxg5+ Kf7 25. b3 Rhe8 26. Rad1 Kg8 27. Qe5 d5 28.
cxd5 exd5 29. Qxd5+ Qxd5 30. Rxd5 Re2 31. Rxc5 Rxa2 32. Rd1 Rxb3 33. Rc7 Rd2 1/2-1/2

[Event "Druzynowe Mistrzostwa Polski II Liga"]
[Site "Szklarska Poreba"]
[Date "1899-12-30"]
[Round "7.101"]
[White "Guzik, Jolanta"]
[Black "Sandor, Aleksandra"]
[Result "1/2-1/2"]
[WhiteTitle "WFM"]
[BlackTitle "I++"]
[WhiteElo "2041"]
[BlackElo "1905"]

1. c4 Nf6 2. Nc3 g6 3. g3 Bg7 4. Bg2 O-O 5. e3 c6 6. Nge2 d5 7. cxd5 Nxd5 8. Nxd5
cxd5 9. d4 b6 10. O-O Bb7 11. b3 Nc6 12. Ba3 Re8 13. Rc1 Rc8 14. Qd2 Qd7 15. Nf4
e6 16. Rc2 Ne7 17. Rfc1 Rxc2 18. Rxc2 Rc8 19. Rxc8+ Nxc8 20. Nd3 Qc7 21. h4 h5
22. Ne5 Nd6 23. Qb4 Bf8 24. Bf1 Qd8 25. Qa4 Nc8 26. Bd3 Bxa3 27. Qxa3 Kg7 28.
Qc1 Nd6 29. Qc2 Qc8 30. Qxc8 Nxc8 1/2-1/2

[Event "Druzynowe Mistrzostwa Polski II Liga"]
[Site "Szklarska Poreba"]
[Date "1899-12-30"]
[Round "7.102"]
[White "Kmiecik, Emilia"]
[Black "Pluta, Natalia"]
[Result "1-0"]
[WhiteTitle "I+"]
[BlackTitle "I++"]
[WhiteElo "1786"]
[BlackElo "1814"]

1. d4 d5 2. c4 e6 3. Nf3 c6 4. Qc2 Nf6 5. Bg5 Nbd7 6. e3 Bb4+ 7. Nc3 Qa5 8. Bxf6
Nxf6 9. Nd2 O-O 10. Be2 Re8 11. O-O e5 12. dxe5 Rxe5 13. cxd5 cxd5 14. Nb3 Qd8
15. Nd4 Qe8 16. Ncb5 Qe7 17. Nf3 Re6 18. Nfd4 Rb6 19. Nxa7 Bd7 20. Nab5 Rc8 21.
Qd3 Ne4 22. Rfc1 Qh4 23. g3 Qh3 24. Bf1 Qh5 25. Rxc8+ Bxc8 26. Qc2 Bh3 27. Be2
Qg5 28. Bf3 Nd2 29. Bg2 Bxg2 30. Kxg2 Nc4 31. b3 Rh6 32. bxc4 Qg4 33. Qf5 Qxf5
34. Nxf5 Re6 35. cxd5 Re5 36. Nfd4 Rxd5 37. a4 1-0

[Event "Druzynowe Mistrzostwa Polski II Liga"]
[Site "Szklarska Poreba"]
[Date "1899-12-30"]
[Round "8.1"]
[White "Kislinsky, Alexey"]
[Black "Kumala, Aleksander"]
[Result "1-0"]
[WhiteTitle "GM"]
[BlackTitle "k"]
[WhiteElo "2505"]
[BlackElo "2215"]

1. e4 Nf6 2. e5 Nd5 3. d4 d6 4. Bc4 Nb6 5. Bb3 d5 6. Ne2 e6 7. c3 c5 8. O-O Bd7
9. Nf4 Bb5 10. Re1 Nc6 11. Na3 Ba6 12. Nh5 cxd4 13. cxd4 Qd7 14. Bg5 Rg8 15. Rc1
Be7 16. Bxe7 Qxe7 17. Re3 O-O-O 18. Ba4 Nc4 19. Nxc4 dxc4 20. Bxc6 bxc6 21. Ng3
f5 22. exf6 Qxf6 23. Qa4 Bb5 24. Qxa7 Qxd4 25. Qa8+ Kc7 26. Qa5+ Qb6 27. Qb4 Rd7
28. Ne4 Rd5 29. Nc3 Rf5 30. Qe7+ Kb8 31. Qxe6 Rgf8 32. Qd6+ Qc7 33. Qb4 Qf4 34.
Ne4 c3 35. Rexc3 Rg5 36. a4 Rg3 37. hxg3 1-0

[Event "Druzynowe Mistrzostwa Polski II Liga"]
[Site "Szklarska Poreba"]
[Date "1899-12-30"]
[Round "8.2"]
[White "Kasperek, Ryszard"]
[Black "Grabarczyk, Miroslaw"]
[Result "0-1"]
[WhiteTitle "m"]
[BlackTitle "GM"]
[WhiteElo "2133"]
[BlackElo "2422"]

1. e4 e5 2. Nf3 Nc6 3. Nc3 Nf6 4. Bb5 Bb4 5. O-O O-O 6. d3 d6 7. Ne2 Ne7 8. c3
Ba5 9. Ng3 Ng6 10. d4 c6 11. Bd3 Bb6 12. Re1 Re8 13. h3 h6 14. Bd2 Nh7 15. Nf5
Nf6 16. dxe5 Nxe5 17. Bc2 Bxf5 18. exf5 Nc4 19. Bf4 Rxe1+ 20. Qxe1 d5 21. b3 Nd6
22. Nd2 Qd7 23. Qf1 Nde4 24. Nxe4 dxe4 25. g4 Nd5 26. Bg3 e3 27. Qd3 exf2+ 28.
Bxf2 Bxf2+ 29. Kxf2 Qd6 30. Qg3 Qc5+ 31. Kg1 0-1

[Event "Druzynowe Mistrzostwa Polski II Liga"]
[Site "Szklarska Poreba"]
[Date "1899-12-30"]
[Round "8.3"]
[White "Aliavdin, Nikolai"]
[Black "Puczylowski, Marcin"]
[Result "1-0"]
[WhiteTitle "IM"]
[BlackTitle "k"]
[WhiteElo "2342"]
[BlackElo "2116"]

1. e4 e6 2. d4 d5 3. e5 c5 4. c3 Nc6 5. Nf3 Qb6 6. a3 cxd4 7. cxd4 Bd7 8. Nc3 f6
9. Bd3 g6 10. O-O Bg7 11. Re1 fxe5 12. dxe5 Nge7 13. Be3 Qd8 14. Bc5 O-O 15. h4
Rxf3 16. Qxf3 Nxe5 17. Qg3 Nxd3 18. Qxd3 Nf5 19. Nxd5 b6 20. Bb4 a5 21. Bc3 Bc6
22. Bxg7 Qxd5 23. Qxd5 Bxd5 24. Be5 Nxh4 25. f3 Kf7 26. Rac1 g5 27. Rc7+ Kg6 28.
Rg7+ Kh6 29. Kf2 Rc8 30. Rc7 Rg8 31. Bg3 Nf5 32. Rh1+ Kg6 33. Rcxh7 Rc8 34. Bc7
Nh4 35. Rd7 Bc6 36. Rd6 Bd5 37. Rc1 b5 38. Rd8 Rxd8 39. Bxd8 a4 40. Rc5 Nf5 41.
Rxb5 Nd6 42. Rb4 Nf7 43. Bc7 Bb3 44. Rxb3 axb3 45. a4 1-0

[Event "Druzynowe Mistrzostwa Polski II Liga"]
[Site "Szklarska Poreba"]
[Date "1899-12-30"]
[Round "8.4"]
[White "Kanarkiewicz, Michal"]
[Black "Jedryczka, Krystian"]
[Result "1/2-1/2"]
[WhiteTitle "k"]
[BlackTitle "m"]
[WhiteElo "2066"]
[BlackElo "2208"]

1. e4 c5 2. Nf3 e6 3. b3 a6 4. Bb2 b5 5. c4 Bb7 6. cxb5 Bxe4 7. Nc3 Bb7 8. d4 cxd4
9. Qxd4 Nf6 10. Be2 d5 11. Ne5 Nfd7 12. Nxd7 Nxd7 13. bxa6 Bxa6 14. Bxa6 Rxa6
15. Na4 Qa5+ 16. Bc3 Qb5 17. Rd1 Nf6 18. Qd3 Qxd3 19. Rxd3 Ne4 20. Bd4 Bb4+ 21.
Ke2 O-O 22. Rc1 f6 23. f3 Nd6 24. Bc5 Bxc5 25. Rxc5 Rb8 26. Rdc3 d4 27. Rc1 e5
28. Kd3 h5 29. f4 Re8 30. fxe5 fxe5 31. Re1 Nf7 32. Rc2 h4 1/2-1/2

[Event "Druzynowe Mistrzostwa Polski II Liga"]
[Site "Szklarska Poreba"]
[Date "1899-12-30"]
[Round "8.5"]
[White "Gawronski, Miroslaw"]
[Black "Zurkowski, Andrzej"]
[Result "0-1"]
[WhiteTitle "k+"]
[BlackTitle "k+"]
[WhiteElo "2041"]
[BlackElo "2048"]

1. d4 Nf6 2. Nf3 e6 3. Bf4 c5 4. e3 Nc6 5. c3 Be7 6. h3 O-O 7. Nbd2 cxd4 8. exd4
d6 9. Bc4 a6 10. a4 Bd7 11. O-O Qc7 12. Qe2 Rab8 13. Rfe1 Rfe8 14. Bh2 Bf8 15.
Ne4 Nxe4 16. Qxe4 Ne7 17. Qe2 Ng6 18. Bb3 Be7 19. Qd3 Rbd8 20. a5 Bc6 21. d5 Bb5
22. c4 Bd7 23. dxe6 Bxe6 24. Nd4 Bd7 25. Nf5 Bxf5 26. Qxf5 Bf6 27. Qd5 Be5 28.
Rad1 Ne7 29. Qf3 Nc6 30. Bxe5 dxe5 31. Ba4 Rxd1 32. Rxd1 Re6 33. Bxc6 Rxc6 34.
b4 h6 35. c5 Rf6 36. Qd5 Rf4 37. Qd6 Qc8 38. g4 Kh7 39. Rb1 f6 40. Qd3+ Kh8 41.
Qb3 h5 42. f3 Qc6 43. Rf1 Qb5 44. Qf7 Rxb4 45. gxh5 Qxc5+ 46. Kh1 Qc8 47. Kg2
Rh4 48. Rh1 Qf5 49. Qg6 Rxh5 50. Qe8+ Kh7 51. h4 Qg6+ 52. Qxg6+ Kxg6 53. Kg3 e4
54. fxe4 Rxa5 55. Kf4 b5 56. Rg1+ Kf7 57. Rc1 b4 58. Rc7+ Kg6 59. Rb7 Rb5 60.
h5+ Kxh5 0-1

[Event "Druzynowe Mistrzostwa Polski II Liga"]
[Site "Szklarska Poreba"]
[Date "1899-12-30"]
[Round "8.6"]
[White "Murawko, Katarzyna"]
[Black "Leszner, Liliana"]
[Result "1-0"]
[WhiteTitle "k"]
[BlackTitle "WIM"]
[WhiteElo "1988"]
[BlackElo "2055"]

1. e4 d6 2. d4 g6 3. Nc3 Bg7 4. Be3 c6 5. Qd2 Nd7 6. f3 b5 7. Nge2 Nb6 8. Ng3 Rb8
9. Nd1 h5 10. h4 Qc7 11. c3 e5 12. Nf2 Be6 13. b3 d5 14. f4 exd4 15. Bxd4 Bxd4
16. Qxd4 f6 17. Qe3 Qe7 18. Be2 dxe4 19. Qxe4 Kf7 20. O-O Bd5 21. Qxe7+ Nxe7 22.
Nd3 f5 23. Ne5+ Kf6 24. Rad1 Rhd8 25. Rd2 Be6 26. Rfd1 Rxd2 27. Rxd2 Nbd5 28.
Bf3 Nxf4 29. Nxc6 Nxc6 30. Bxc6 a6 31. Nf1 Rb6 32. Bf3 g5 33. g3 Nh3+ 34. Kh2
g4 35. Bg2 f4 36. Bxh3 gxh3 37. gxf4 Rc6 38. Ng3 Bg4 39. Rd5 Ke6 40. Re5+ Kf7
41. Ne4 Rc7 42. Nd6+ Kg6 43. c4 bxc4 44. bxc4 Rd7 45. c5 Rd8 46. f5+ Bxf5 47.
Rxf5 1-0

[Event "Druzynowe Mistrzostwa Polski II Liga"]
[Site "Szklarska Poreba"]
[Date "1899-12-30"]
[Round "8.8"]
[White "Marszalek, Maciej"]
[Black "Chmiel, Marcin"]
[Result "1/2-1/2"]
[WhiteTitle "m"]
[BlackTitle "k"]
[WhiteElo "2299"]
[BlackElo "2250"]

1. d4 e6 2. e4 b6 3. Nf3 Bb7 4. Bd3 c5 5. Nc3 cxd4 6. Nxd4 d6 7. O-O Nd7 8. Qe2
Ngf6 9. Kh1 Be7 10. f4 Qc7 11. Bd2 O-O 12. Rae1 Nc5 13. e5 dxe5 14. fxe5 Nfd7
15. Qh5 Nxd3 16. cxd3 h6 17. Bxh6 gxh6 18. Qxh6 Nxe5 19. Qf4 Bxg2+ 20. Kxg2 Qb7+
21. Ne4 Ng6 22. Qg4 Qd5 23. Ne2 Kh7 24. Rf3 Nh4+ 25. Kh1 Nxf3 26. Qxf3 Qf5 27.
Qe3 Rg8 28. N2g3 Qd5 29. Rf1 f5 30. Nxf5 exf5 31. Qh3+ Kg6 32. Qg2+ Kh6 33. Qh3+
Kg6 34. Qg2+ Kg7 35. Qh3 Kg6 36. Qg2+ 1/2-1/2

[Event "Druzynowe Mistrzostwa Polski II Liga"]
[Site "Szklarska Poreba"]
[Date "1899-12-30"]
[Round "8.9"]
[White "Gbyl, Andrzej"]
[Black "Weissbein, Thomas"]
[Result "1-0"]
[WhiteTitle "k+"]
[BlackTitle "k+"]
[WhiteElo "2236"]
[BlackElo "2151"]

1. d4 Nf6 2. c4 g6 3. Nc3 Bg7 4. e4 d6 5. Nf3 O-O 6. Be2 e5 7. O-O Nc6 8. d5 Ne7
9. Ne1 Nd7 10. Nd3 f5 11. f3 f4 12. Bd2 g5 13. Rc1 Ng6 14. Nb5 Nf6 15. c5 Ne8
16. Ba5 dxc5 17. d6 b6 18. Nxc5 Nxd6 19. Qd5+ Kh8 20. Qxa8 Nxb5 21. Bxb5 Qd4+
22. Kh1 Bd7 23. Nb3 Qxb2 24. Qd5 Bxb5 25. Qxb5 bxa5 26. Qxa5 Nh4 27. Qd2 Qxd2
28. Nxd2 Rf7 29. Rc5 Rd7 30. Nb3 Ng6 31. Rfc1 Bf8 32. Rxc7 1-0

[Event "Druzynowe Mistrzostwa Polski II Liga"]
[Site "Szklarska Poreba"]
[Date "1899-12-30"]
[Round "8.10"]
[White "Popiol, Michal"]
[Black "Golda, Sebastian"]
[Result "0-1"]
[WhiteTitle "II+"]
[BlackTitle "k"]
[WhiteElo "2079"]
[BlackElo "2115"]

1. d4 Nf6 2. c4 g6 3. Nc3 Bg7 4. e4 d6 5. Be2 O-O 6. Nf3 e5 7. O-O Nc6 8. d5 Ne7
9. Ne1 Nd7 10. Be3 f5 11. f3 f4 12. Bf2 g5 13. a4 Ng6 14. a5 Rf7 15. Nd3 Bf8 16.
b4 h5 17. c5 Nf6 18. cxd6 cxd6 19. Nb5 g4 20. Nxa7 Bd7 21. Ne1 g3 22. Bb6 Qe7
23. Bb5 gxh2+ 24. Kxh2 Bxb5 25. Nxb5 Rh7 26. Rh1 h4 27. Kg1 h3 28. Ra2 hxg2 29.
Rxh7 Qxh7 30. Rxg2 Nh5 31. Nc7 Rc8 32. Ne6 Be7 33. Nd3 Ng3 34. Rh2 Nh4 35. Bf2
Qh5 36. Rxh4 Qxh4 37. Kg2 Kf7 38. Ndxf4 exf4 0-1

[Event "Druzynowe Mistrzostwa Polski II Liga"]
[Site "Szklarska Poreba"]
[Date "1899-12-30"]
[Round "8.11"]
[White "Marczuk, Anna"]
[Black "Olesiak, Marcin"]
[Result "1-0"]
[WhiteTitle "k"]
[BlackTitle "I+"]
[WhiteElo "1929"]
[BlackElo "2076"]

1. d4 d5 2. c4 e6 3. Nc3 Nf6 4. Bg5 Be7 5. cxd5 exd5 6. e3 O-O 7. Bd3 Nbd7 8. Qc2
Re8 9. Nf3 c6 10. O-O-O Nf8 11. h3 b5 12. Kb1 a5 13. g4 a4 14. Ne5 Bb7 15. f4
Qa5 16. Ne2 Rac8 17. Ng3 c5 18. Qd2 Qxd2 19. Rxd2 c4 20. Bc2 Ne4 21. Bxe4 Bxg5
22. Bf5 Bd8 23. Bxc8 Bxc8 24. Re2 Bb7 25. Nf5 Bc7 26. Rhe1 f6 27. Nf3 b4 28. g5
fxg5 29. Rg2 g6 30. Nh6+ Kg7 31. fxg5 Ne6 32. h4 Rf8 33. Rf1 Ba6 34. Rff2 c3 35.
Ne1 Rc8 36. Rf6 Re8 37. Rgf2 Bd6 38. Rf7+ Kh8 39. Ra7 Bc8 40. Nf7+ 1-0

[Event "Druzynowe Mistrzostwa Polski II Liga"]
[Site "Szklarska Poreba"]
[Date "1899-12-30"]
[Round "8.12"]
[White "Dziodzio, Angelika"]
[Black "Jedrocha, Katarzyna"]
[Result "1-0"]
[WhiteTitle "WFM"]
[BlackTitle "k"]
[WhiteElo "2108"]
[BlackElo "1902"]

1. e4 c5 2. Ne2 a6 3. g3 d5 4. Bg2 e6 5. O-O Be7 6. d3 Nf6 7. Nd2 Nc6 8. h3 b5
9. f4 Bb7 10. e5 Nd7 11. c3 Nb6 12. d4 cxd4 13. cxd4 Qc7 14. a3 Nc4 15. Nb3 g6
16. g4 h5 17. g5 Qb6 18. Kh2 a5 19. Qd3 a4 20. Nd2 N6a5 21. b4 Nxd2 22. Bxd2 Nb3
23. Ra2 Rc8 24. Be3 O-O 25. Bf3 Kg7 26. h4 Rh8 27. Ng3 Rc4 28. Raf2 Qc6 29. f5
exf5 30. Bxh5 Qe6 31. Nxf5+ gxf5 32. Qxf5 Rxh5 33. Qxf7+ Qxf7 34. Rxf7+ Kg8 35.
Rxe7 Bc8 36. Rf4 Rc3 37. e6 Rc2+ 38. Kg3 Rc3 39. Re8+ 1-0

[Event "Druzynowe Mistrzostwa Polski II Liga"]
[Site "Szklarska Poreba"]
[Date "1899-12-30"]
[Round "8.13"]
[White "Bator, Robert"]
[Black "Zylka, Stanislaw"]
[Result "1-0"]
[WhiteTitle "IM"]
[BlackTitle "FM"]
[WhiteElo "2398"]
[BlackElo "2344"]

1. d4 d5 2. c4 c6 3. cxd5 cxd5 4. Nc3 Nc6 5. e4 dxe4 6. d5 Ne5 7. Qa4+ Bd7 8. Qxe4
Ng6 9. Bc4 Nf6 10. Qe2 a6 11. Bb3 Nh4 12. Bg5 Nf5 13. Nf3 h6 14. Bf4 g5 15. Be5
Bg7 16. g4 Nxg4 17. Bxg7 Nxg7 18. h4 Qb6 19. d6 Qxd6 20. Rd1 Qc7 21. Rd4 f5 22.
Nd5 Qa5+ 23. Kf1 O-O-O 24. Qxe7 Ne6 25. Kg2 Nxd4 26. Nxd4 Kb8 27. Rc1 Rhe8 28.
Qd6+ Ka7 29. Rc7 Ba4 30. Qc6 Qxd5+ 31. Qxd5 Rxd5 32. Bxd5 Kb6 33. Rxb7+ Kc5 34.
Bf3 Kxd4 35. Rb4+ Ke5 36. Rxa4 Rb8 37. Ra5+ Kf4 38. Ra4+ Ke5 39. Bxg4 fxg4 40.
hxg5 hxg5 41. b3 Rb6 42. Rxg4 Kf5 43. Ra4 Rc6 44. Kg3 Re6 45. Ra5+ Kg6 46. f3
Rd6 47. b4 Kf6 48. a3 Kg6 49. Rc5 Kf6 50. Rc3 Kf5 51. Rc4 Rf6 52. Rc5+ Kg6 53.
Rd5 Rc6 54. Rd3 Kf5 55. Rd5+ Kf6 56. Kf2 Kg6 57. Ke3 Rf6 58. a4 Re6+ 59. Kd2 Rf6
60. Rd3 Rf4 61. Rb3 g4 62. fxg4 Rxg4 63. b5 axb5 64. axb5 Kf6 65. b6 Rg8 66. Kc3
Ke6 67. Kb4 Kd7 68. Rc3 Rc8 69. Rc5 Rc6 70. Kb5 Rc8 71. Rxc8 Kxc8 72. Kc6 Kb8
73. b7 1-0

[Event "Druzynowe Mistrzostwa Polski II Liga"]
[Site "Szklarska Poreba"]
[Date "1899-12-30"]
[Round "8.14"]
[White "Tomaszewski, Kacper"]
[Black "Sypien, Mateusz"]
[Result "1/2-1/2"]
[WhiteTitle "k"]
[BlackTitle "k"]
[WhiteElo "2221"]
[BlackElo "2250"]

1. d4 Nf6 2. c4 g6 3. Nc3 Bg7 4. e4 d6 5. Be2 O-O 6. Nf3 e5 7. O-O Nc6 8. d5 Ne7
9. b4 Nh5 10. g3 f5 11. Ng5 Nf6 12. f3 f4 13. Kg2 c6 14. Rb1 h6 15. Ne6 Bxe6 16.
dxe6 Ne8 17. c5 d5 18. Qb3 Nc7 19. Rd1 Qc8 20. exd5 cxd5 21. Nxd5 Ncxd5 22. Rxd5
Nxd5 23. Qxd5 Qc6 24. Qxc6 bxc6 25. b5 Rfb8 26. Bd3 cxb5 27. Be4 a6 28. Bxa8 Rxa8
29. gxf4 Rc8 30. Be3 exf4 31. Bxf4 Rxc5 32. Rd1 Rc8 33. Rd6 g5 34. Bg3 a5 35.
Rd5 Re8 36. Rxb5 Bc3 37. Be5 Bxe5 38. Rxe5 Kg7 39. Rxa5 Rxe6 40. Kf2 Kg6 41. a4
Rc6 42. Re5 Rc4 43. Re4 Rc5 44. h4 Rc2+ 45. Re2 Rc4 46. Re4 Rc2+ 47. Kg3 Ra2 48.
Rb4 Kh5 49. Rc4 Kg6 50. Rd4 Kh5 51. Re4 Ra3 52. hxg5 hxg5 53. Kf2 Ra2+ 54. Kg3
Ra3 55. Rc4 Ra2 56. Rd4 Kg6 57. Rd6+ Kf5 58. Rd5+ Kg6 59. a5 Kf6 60. Rb5 Kg6 61.
Rb6+ Kf5 62. Rb5+ Kg6 63. Rc5 Kf6 64. Rd5 Kg6 65. Rd6+ Kf5 66. Ra6 Ra3 67. Ra8
Ra4 68. a6 Kg6 69. Kf2 Kg7 70. Ke3 Kh7 71. Kd3 g4 72. fxg4 Rxg4 73. Rb8 Ra4 74.
Rb6 Kg8 75. Kc3 Kf8 76. Kb3 Ra1 77. Kc4 Ke8 78. Kb5 Kd7 79. Rb7+ Kc8 80. Kb6 Rb1+
81. Ka7 Ra1 82. Rb5 Rc1 83. Rb2 Rc3 84. Ra2 Rc1 85. Rh2 Rc3 86. Rh8+ Kc7 87. Rh6
Rc1 88. Rh7+ Kc8 89. Rh5 Kc7 90. Rb5 Rc2 91. Rb7+ Kc8 92. Ka8 Ra2 93. Rb6 Kc7
94. Rg6 Ra1 95. Ka7 Rc1 96. Rg7+ Kc8 97. Rg6 Kc7 98. Rb6 Kc8 99. Ka8 Kc7 100.
Rb3 Kc8 101. Ra3 Kc7 102. Ka7 Rc2 103. Rb3 Rc1 104. Rf3 Kc8 105. Rf8+ 1/2-1/2